00695 2200253 4500001002100000005001500021035002000036007000300056008004100059020001900100082000800119100003200127245006500159250001800224300002900242600002100271264004300292336002100335337003000356338002300386084001400409990000900423990000900432INLIS00000000000144220250414014304 a0010-0425000134ta250414 0  a979-34144-09-X a8970 aJazimah Al-MuhyiePengarang1 aCinta Itu Bukan Virus :bRomansa d'Abrar /cJazimah Al-Muhyi acetakan kedua axii+168 halaman ;c21 cm 4aJazimah Al-Muhyi aSolo :bEra Adicitra Intermedia,c2010 2rdacontentateks 2rdamediaatanpa perantara 2rdacarrieravolume a897 JAZ c a4028 a4027